[Event "Amsterdam Euwe Memorial Gp1"]
[Site "Amsterdam"]
[Date "2011.11.19"]
[Round "5"]
[White "Van der Sterren, Paul"]
[Black "Cramling, Pia"]
[Result "1-0"]
[WhiteElo "2514"]
[BlackElo "2495"]
[PlyCount "59"]
[EventDate "2011.11.14"]
[EventType "tourn"]
[EventRounds "6"]
[EventCountry "NED"]
[EventCategory "9"]
[SourceTitle "EXT 2012"]
[Source "ChessBase"]
[SourceDate "2011.11.24"]
[SourceVersion "1"]
[SourceVersionDate "2011.11.24"]
[SourceQuality "1"]

1. d4 Nf6 2. c4 e6 3. Nf3 Bb4+ 4. Bd2 a5 5. g3 d6 6. Bg2 Nbd7 7. 0-0 e5 8. Nc3 exd4 9. Nxd4 0-0 10. Qc2 Re8 11. Rad1 Nc5 12. b3 c6 13. Bc1 Qb6 14. a3 Bxc3 15. Qxc3 d5 16. cxd5 cxd5 17. Be3 Nfe4 18. Qb2 Bd7 19. Rc1 Rac8 20. Rc2 h5 21. Rfc1 Qd6 22. Bf4 Qb6 23. Be3 Qd6 24. Nf3 Bf5 25. Bd4 Rc6 26. Bxg7 Qg6 27. Nh4 Qxg7 28. Qxg7+ Kxg7 29. Nxf5+ Kf6 30. Nd4 1-0

[Event "Amsterdam Euwe Memorial Gp1"]
[Site "Amsterdam"]
[Date "2011.11.18"]
[Round "4"]
[White "Van der Sterren, Paul"]
[Black "Olafsson, Fridrik"]
[Result "1/2-1/2"]
[WhiteElo "2514"]
[BlackElo "2428"]
[PlyCount "59"]
[EventDate "2011.11.14"]
[EventType "tourn"]
[EventRounds "6"]
[EventCountry "NED"]
[EventCategory "9"]
[SourceTitle "EXT 2012"]
[Source "ChessBase"]
[SourceDate "2011.11.24"]
[SourceVersion "1"]
[SourceVersionDate "2011.11.24"]
[SourceQuality "1"]

1. d4 Nf6 2. c4 e6 3. Nc3 Bb4 4. e3 c5 5. Bd3 0-0 6. Nf3 d5 7. 0-0 b6 8. a3 Bxc3 9. bxc3 Ba6 10. Ne5 Qc8 11. cxd5 exd5 12. Bxa6 Qxa6 13. Bb2 c4 14. f3 Qb7 15. a4 Nc6 16. e4 Nxe5 17. dxe5 Nd7 18. Ba3 Rfe8 19. f4 dxe4 20. Qd4 Rac8 21. Rad1 Nc5 22. Bxc5 Rxc5 23. Rfe1 Qc6 24. Rxe4 f6 25. Qd7 fxe5 26. f5 Qxd7 27. Rxd7 Rf8 28. Rg4 Rf7 29. Rd8+ Rf8 30. Rd7 1/2-1/2

[Event "NED-chT 1011"]
[Site "Netherlands"]
[Date "2011.05.15"]
[Round "9.1"]
[White "Dambacher, Martijn"]
[Black "Van der Sterren, Paul"]
[Result "1/2-1/2"]
[WhiteElo "2500"]
[BlackElo "2516"]
[PlyCount "72"]
[EventDate "2010.09.25"]
[EventType "team"]
[EventRounds "9"]
[EventCountry "NED"]
[SourceTitle "EXT 2012"]
[Source "ChessBase"]
[SourceDate "2011.11.24"]
[SourceVersion "1"]
[SourceVersionDate "2011.11.24"]
[SourceQuality "1"]
[WhiteTeam "Utrecht"]
[BlackTeam "Amsterdam Caissa"]
[WhiteTeamCountry "NED"]
[BlackTeamCountry "NED"]

1. d4 Nf6 2. c4 e6 3. Nc3 Bb4 4. e3 0-0 5. Bd3 d5 6. Nf3 c5 7. 0-0 Nc6 8. a3 Bxc3 9. bxc3 Qc7 10. h3 dxc4 11. Bxc4 e5 12. Ba2 e4 13. Nd2 Re8 14. Bb2 Bf5 15. c4 Rad8 16. d5 Ne5 17. f4 exf3 18. Nxf3 Nxf3+ 19. Rxf3 Bg6 20. Bxf6 gxf6 21. Qd2 Qe5 22. Raf1 Rd6 23. Bb1 Rb6 24. e4 Kg7 25. Qf2 Rc8 26. Qh4 Qd4+ 27. Kh2 Re8 28. Qg3 Qe5 29. Rf4 Rd8 30. Bc2 Rb2 31. Bd1 Rd6 32. h4 h5 33. R1f2 Rxf2 34. Rxf2 Qxg3+ 35. Kxg3 Bxe4 36. Bxh5 b5 1/2-1/2

[Event "NED-chT 1011"]
[Site "Netherlands"]
[Date "2011.04.09"]
[Round "8.3"]
[White "Bosman, Michiel"]
[Black "Van der Sterren, Paul"]
[Result "1/2-1/2"]
[WhiteElo "2335"]
[BlackElo "2523"]
[PlyCount "108"]
[EventDate "2010.09.25"]
[EventType "team"]
[EventRounds "9"]
[EventCountry "NED"]
[SourceTitle "EXT 2012"]
[Source "ChessBase"]
[SourceDate "2011.11.24"]
[SourceVersion "1"]
[SourceVersionDate "2011.11.24"]
[SourceQuality "1"]
[WhiteTeam "Leiden LSG"]
[BlackTeam "Amsterdam Caissa"]
[WhiteTeamCountry "NED"]
[BlackTeamCountry "NED"]

1. e4 e5 2. Nf3 Nc6 3. Bc4 Nf6 4. d3 Be7 5. Nc3 d6 6. a4 0-0 7. 0-0 Be6 8. Bg5 Bxc4 9. dxc4 Nd7 10. Be3 Qe8 11. Nd5 Bd8 12. a5 a6 13. Re1 Qe6 14. Qd3 h6 15. Nd2 Rc8 16. Nb3 Bg5 17. Bxg5 hxg5 18. h3 f6 19. Re3 Nd8 20. Rd1 Nf7 21. Rg3 Rfd8 22. Qe2 Nf8 23. Rc3 c6 24. Nb6 Rb8 25. Qg4 g6 26. Qxe6 Nxe6 27. Nd2 Kg7 28. Nf1 Nd4 29. Rd2 f5 30. f3 Kf6 31. Ra3 Ke7 32. c3 Ne6 33. b4 Nh6 34. Ra1 Rf8 35. Re1 Rbd8 36. Ne3 Ng8 37. Nd1 Nf6 38. Nf2 Rh8 39. Red1 Nf4 40. Re1 Ne6 41. Red1 g4 42. hxg4 fxg4 43. fxg4 Ng5 44. Re2 Rh4 45. g3 Rh7 46. c5 dxc5 47. Rxd8 Kxd8 48. bxc5 Ke7 49. Kg2 Ke6 50. Na4 Rd7 51. Nb6 Rd8 52. Na4 Ke7 53. Nb6 Ke6 54. Na4 Rd7 1/2-1/2

[Event "NED-chT 1011"]
[Site "Netherlands"]
[Date "2011.02.12"]
[Round "6.1"]
[White "Van den Doel, Erik"]
[Black "Van der Sterren, Paul"]
[Result "1-0"]
[WhiteElo "2574"]
[BlackElo "2526"]
[PlyCount "81"]
[EventDate "2010.09.25"]
[EventType "team"]
[EventRounds "9"]
[EventCountry "NED"]
[SourceTitle "EXT 2012"]
[Source "ChessBase"]
[SourceDate "2011.11.24"]
[SourceVersion "1"]
[SourceVersionDate "2011.11.24"]
[SourceQuality "1"]
[WhiteTeam "Calder HMC"]
[BlackTeam "Amsterdam Caissa"]
[WhiteTeamCountry "NED"]
[BlackTeamCountry "NED"]

1. e4 e5 2. Nf3 Nc6 3. Bb5 a6 4. Ba4 d6 5. 0-0 Bd7 6. c3 Nge7 7. d4 Ng6 8. d5 Nb8 9. c4 Be7 10. Nc3 0-0 11. b4 a5 12. a3 Na6 13. Be3 f5 14. Bxd7 Qxd7 15. exf5 Qxf5 16. bxa5 Nf4 17. Qb1 Qc8 18. Nd2 Nc5 19. Bxc5 dxc5 20. f3 Rxa5 21. Nde4 Ra6 22. g3 Rg6 23. Kh1 Nh3 24. a4 Ng5 25. Nxg5 Rxg5 26. Ne4 Rgf5 27. Kg2 Rh5 28. Qb2 Qh3+ 29. Kh1 Rhf5 30. Qe2 b6 31. a5 bxa5 32. Rxa5 Rh5 33. Ra6 Rh6 34. Ra7 Rb8 35. Rfa1 Rhb6 36. Ra8 Rxa8 37. Rxa8+ Kf7 38. Ra1 Rb3 39. Nf2 Qh6 40. Ng4 Qb6 41. Nxe5+ 1-0

[Event "NED-chT 1011"]
[Site "Netherlands"]
[Date "2010.11.20"]
[Round "3.1"]
[White "Van der Sterren, Paul"]
[Black "Lemmers, Oscar"]
[Result "1-0"]
[WhiteElo "2527"]
[BlackElo "2389"]
[PlyCount "71"]
[EventDate "2010.09.25"]
[EventType "team"]
[EventRounds "9"]
[EventCountry "NED"]
[SourceTitle "EXT 2012"]
[Source "ChessBase"]
[SourceDate "2011.11.24"]
[SourceVersion "1"]
[SourceVersionDate "2011.11.24"]
[SourceQuality "1"]
[WhiteTeam "Amsterdam Caissa"]
[BlackTeam "Voerendaal"]
[WhiteTeamCountry "NED"]
[BlackTeamCountry "NED"]

1. c4 c6 2. e4 d5 3. exd5 cxd5 4. cxd5 Nf6 5. Nc3 Nxd5 6. Nf3 g6 7. Bc4 Nb6 8. Bb3 Bg7 9. d4 0-0 10. d5 Bg4 11. h3 Bxf3 12. Qxf3 N8d7 13. Bg5 Nc5 14. Rd1 Nxb3 15. axb3 Nc8 16. 0-0 Nd6 17. Rfe1 Re8 18. g4 Qd7 19. Re3 Rac8 20. Qe2 Bf6 21. Bf4 a6 22. Re1 Nb5 23. Nxb5 axb5 24. Be5 Bg5 25. Rd3 Rc5 26. Qf3 Rd8 27. Red1 Rdc8 28. Bc3 R5c7 29. d6 exd6 30. Rxd6 Qe7 31. Qd5 Rc5 32. Qd4 f6 33. Rd7 Qe5 34. Rd8+ Kf7 35. Qd7+ Qe7 36. Rxc8 1-0

[Event "NED-chT 0102 playoff"]
[Site "Enschede"]
[Date "2002.05.10"]
[Round "2.4"]
[White "Gurevich, Mikhail"]
[Black "Van der Sterren, Paul"]
[Result "1-0"]
[WhiteElo "2641"]
[BlackElo "2551"]
[PlyCount "79"]
[EventDate "2002.05.09"]
[EventType "team-k.o."]
[EventRounds "2"]
[EventCountry "NED"]
[SourceTitle "CBM 089"]
[Source "ChessBase"]
[SourceDate "2002.08.12"]
[SourceVersion "1"]
[SourceVersionDate "2002.08.12"]
[SourceQuality "1"]
[WhiteTeam "Ordina Breda"]
[BlackTeam "Hilversum HSG"]
[WhiteTeamCountry "NED"]
[BlackTeamCountry "NED"]

1. d4 d5 2. c4 c6 3. Nf3 Nf6 4. e3 Bf5 5. Nc3 e6 6. Nh4 Be4 7. f3 Bg6 8. Qb3 Qb6 9. g3 Qxb3 10. axb3 Bc2 11. c5 Bxb3 12. Ra3 Bc4 13. Bxc4 dxc4 14. Bd2 Nbd7 15. Ke2 b5 16. Na2 Kd8 17. Nb4 Kc7 18. Rha1 Kb7 19. e4 e5 20. d5 Nxc5 21. Nxc6 a6 22. Nxe5 Ncd7 23. Nxf7 Bxa3 24. Rxa3 Rhf8 25. Nf5 Ne8 26. Ng5 Rxf5 27. exf5 Ndf6 28. Re3 Nxd5 29. Re5 Nec7 30. Ne6 Re8 31. f4 Nxe6 32. fxe6 Kc6 33. f5 Kd6 34. Re4 g6 35. g4 gxf5 36. gxf5 Rf8 37. e7 Re8 38. Bb4+ Kd7 39. Rd4 Kc6 40. f6 1-0

[Event "NED-chT 0102 playoff"]
[Site "Enschede"]
[Date "2002.05.09"]
[Round "1.3"]
[White "Van der Sterren, Paul"]
[Black "Hennig, Dirk"]
[Result "1/2-1/2"]
[WhiteElo "2551"]
[BlackElo "2421"]
[PlyCount "165"]
[EventDate "2002.05.09"]
[EventType "team-k.o."]
[EventRounds "2"]
[EventCountry "NED"]
[SourceTitle "CBM 089"]
[Source "ChessBase"]
[SourceDate "2002.08.12"]
[SourceVersion "1"]
[SourceVersionDate "2002.08.12"]
[SourceQuality "1"]
[WhiteTeam "Hilversum HSG"]
[BlackTeam "ING/ESGOO Enschede"]
[WhiteTeamCountry "NED"]
[BlackTeamCountry "NED"]

1. d4 d6 2. e4 Nf6 3. f3 e5 4. Ne2 Be7 5. c4 0-0 6. Nbc3 c6 7. Be3 a6 8. dxe5 dxe5 9. Qxd8 Rxd8 10. Na4 Nbd7 11. c5 Rb8 12. Nc1 Nf8 13. Nd3 Ng6 14. g3 Ne8 15. h4 f6 16. 0-0-0 Be6 17. b3 Nc7 18. Re1 Nb5 19. h5 Nh8 20. f4 Nf7 21. f5 Bd7 22. Ndb2 h6 23. Nb6 Be8 24. Bc4 Kf8 25. b4 Nd4 26. Rd1 Nf3 27. Nd3 N7g5 28. Nf2 Rxd1+ 29. Rxd1 Rd8 30. g4 Bf7 31. Bxf7 Nxf7 32. Nc4 Ke8 33. Rxd8+ Bxd8 34. Kd1 Bc7 35. Ke2 N3g5 36. Bd2 Kd7 37. Ke3 Nh7 38. Nd1 Bd8 39. Nc3 Nf8 40. a4 Be7 41. Nb6+ Kc7 42. Kd3 Nd7 43. Nxd7 Kxd7 44. Kc4 Bd8 45. Be3 Kc8 46. Nb1 Bc7 47. Nd2 Bd8 48. Nb3 Bc7 49. b5 Bd8 50. bxa6 bxa6 51. Kb4 Bc7 52. Nd2 Nd8 53. Nc4 Nb7 54. Bc1 a5+ 55. Kc3 Nxc5 56. Ba3 Nxe4+ 57. Kd3 Nf2+ 58. Ke2 Nxg4 59. Bf8 e4 60. Ne3 Nh2 61. Bxg7 Bf4 62. Nc4 Ng4 63. Nxa5 Kd7 64. Nc4 Kc7 65. Bf8 Kb7 66. Bc5 Ka6 67. Bd4 Kb7 68. Kf1 c5 69. Bxc5 Kc6 70. Bg1 Kd5 71. Nb6+ Kc6 72. Ke2 Ne5 73. a5 Kb5 74. Nd5 Bg5 75. Be3 Kxa5 76. Bxg5 fxg5 77. Ke3 g4 78. Kxe4 g3 79. Nf4 Ng4 80. Kf3 Nf6 81. Kxg3 Kb5 82. Kh4 Kc5 83. Nd3+ 1/2-1/2

[Event "NED-chT 0102"]
[Site "Netherlands"]
[Date "2002.02.23"]
[Round "6.1"]
[White "Ernst, Sipke"]
[Black "Van der Sterren, Paul"]
[Result "0-1"]
[WhiteElo "2459"]
[BlackElo "2551"]
[PlyCount "52"]
[EventDate "2001.09.29"]
[EventType "team-tourn"]
[EventRounds "9"]
[EventCountry "NED"]
[SourceTitle "EXT 2015"]
[Source "ChessBase"]
[SourceDate "2014.11.20"]
[SourceVersion "1"]
[SourceVersionDate "2014.11.20"]
[SourceQuality "1"]
[WhiteTeam "Apeldoorn Schaakstad"]
[BlackTeam "Hilversum HSG"]
[WhiteTeamCountry "NED"]
[BlackTeamCountry "NED"]

1. d4 Nf6 2. c4 e6 3. Nc3 d5 4. Nf3 Be7 5. Bf4 0-0 6. e3 c5 7. dxc5 Bxc5 8. Qc2 Nc6 9. a3 Qa5 10. 0-0-0 Be7 11. h4 a6 12. Ng5 Rd8 13. Bd3 h6 14. Nf3 dxc4 15. Bxc4 Rxd1+ 16. Rxd1 b5 17. Bb3 Bb7 18. Kb1 b4 19. axb4 Nxb4 20. Qe2 Ne4 21. Be5 Rc8 22. Qe1 Nxc3+ 23. Bxc3 Be4+ 24. Kc1 Na2+ 25. Bxa2 Qxa2 26. Kd2 Bb4 0-1

[Event "NED-ch56"]
[Site "Leeuwarden"]
[Date "2001.06.30"]
[Round "9"]
[White "Van der Sterren, Paul"]
[Black "Van der Werf, Mark"]
[Result "0-1"]
[WhiteElo "2576"]
[BlackElo "2450"]
[PlyCount "118"]
[EventDate "2001.06.20"]
[EventType "tourn"]
[EventRounds "9"]
[EventCountry "NED"]
[EventCategory "12"]
[SourceTitle "CBM 084"]
[Source "ChessBase"]
[SourceDate "2001.09.13"]
[SourceVersion "1"]
[SourceVersionDate "2001.09.13"]
[SourceQuality "1"]

1. c4 e6 2. g3 d5 3. Bg2 dxc4 4. Qa4+ Nd7 5. Qxc4 a6 6. Qc2 c5 7. Nf3 Ngf6 8. Nc3 Rb8 9. d4 b5 10. Bf4 Rb6 11. a4 b4 12. a5 b3 13. Qc1 Rb4 14. Na4 Bb7 15. dxc5 Bc6 16. 0-0 Rxa4 17. Rxa4 Bxa4 18. c6 Nc5 19. c7 Qc8 20. Nd2 Bb5 21. Nc4 Bxc4 22. Qxc4 Be7 23. Bc6+ Nfd7 24. Rd1 0-0 25. Bxd7 Nxd7 26. Bd6 Re8 27. Bxe7 Rxe7 28. Rd6 Nf8 29. Rc6 e5 30. Qc5 Re6 31. Rb6 Nd7 32. Qd5 Qxc7 33. Rxe6 fxe6 34. Qxe6+ Kf8 35. Qxa6 Ke7 36. Kg2 Qc2 37. Qb7 Qxb2 38. Qb4+ Ke8 39. a6 Qa2 40. Qc4 Ke7 41. Qh4+ Kf7 42. Qc4+ Kf8 43. Qb4+ Ke8 44. Qc4 Qa3 45. Qg8+ Nf8 46. Qxg7 Qxa6 47. Qxe5+ Qe6 48. Qb8+ Kf7 49. Qf4+ Kg7 50. Qd4+ Qf6 51. Qg4+ Kh8 52. Qb4 b2 53. e4 Nd7 54. f4 Kg8 55. Qb3+ Kf8 56. Qa3+ Kg7 57. Qb4 Kf7 58. Qb3+ Ke8 59. Qg8+ Ke7 0-1

[Event "NED-ch56"]
[Site "Leeuwarden"]
[Date "2001.06.28"]
[Round "7"]
[White "Van der Sterren, Paul"]
[Black "Piket, Jeroen"]
[Result "1/2-1/2"]
[WhiteElo "2576"]
[BlackElo "2628"]
[PlyCount "51"]
[EventDate "2001.06.20"]
[EventType "tourn"]
[EventRounds "9"]
[EventCountry "NED"]
[EventCategory "12"]
[SourceTitle "CBM 084"]
[Source "ChessBase"]
[SourceDate "2001.09.13"]
[SourceVersion "1"]
[SourceVersionDate "2001.09.13"]
[SourceQuality "1"]

1. Nf3 d5 2. g3 g6 3. Bg2 Bg7 4. d4 Nf6 5. c4 dxc4 6. Na3 Nc6 7. Nxc4 Be6 8. b3 Bd5 9. Bb2 a5 10. Rc1 a4 11. Ne3 e6 12. Nxd5 exd5 13. Ne5 Nxe5 14. dxe5 Ng4 15. bxa4 c6 16. e4 Bxe5 17. Bxe5 Nxe5 18. exd5 Qa5+ 19. Kf1 0-0 20. f4 Qa6+ 21. Qe2 Nd3 22. Rc3 Nb4 23. Qxa6 Rxa6 24. dxc6 Nxc6 25. Kf2 Rxa4 26. a3 1/2-1/2

[Event "NED-ch56"]
[Site "Leeuwarden"]
[Date "2001.06.23"]
[Round "3"]
[White "Nijboer, Friso"]
[Black "Van der Sterren, Paul"]
[Result "1/2-1/2"]
[WhiteElo "2580"]
[BlackElo "2576"]
[PlyCount "81"]
[EventDate "2001.06.20"]
[EventType "tourn"]
[EventRounds "9"]
[EventCountry "NED"]
[EventCategory "12"]
[SourceTitle "CBM 084"]
[Source "ChessBase"]
[SourceDate "2001.09.13"]
[SourceVersion "1"]
[SourceVersionDate "2001.09.13"]
[SourceQuality "1"]

1. e4 e6 2. d4 d5 3. Nc3 Bb4 4. e5 c5 5. a3 Bxc3+ 6. bxc3 Qc7 7. Qg4 f5 8. Qh5+ g6 9. Qd1 b6 10. Nf3 Ba6 11. Bxa6 Nxa6 12. 0-0 h6 13. c4 Qc6 14. cxd5 Qxd5 15. c4 Qxc4 16. Be3 Ne7 17. Rc1 Qb5 18. dxc5 Nxc5 19. Bxc5 bxc5 20. Qd6 Qb6 21. Rb1 Qxd6 22. exd6 Nc6 23. Rb7 Rd8 24. Rd1 Rd7 25. Rb5 Nd4 26. Rb8+ Rd8 27. Rxd8+ Kxd8 28. Ne5 Kc8 29. d7+ Kc7 30. Nf7 Rf8 31. d8Q+ Rxd8 32. Nxd8 Kxd8 33. Kf1 Kc7 34. Rd3 f4 35. Ke1 Kd6 36. Rd2 Kd5 37. Rb2 c4 38. Kd2 Nb3+ 39. Kc3 a5 40. Rb1 e5 41. Rd1+ 1/2-1/2

[Event "NED-chT 0001"]
[Site "Netherlands"]
[Date "2001.03.24"]
[Round "7.3"]
[White "Van der Sterren, Paul"]
[Black "Hennig, Dirk"]
[Result "1-0"]
[WhiteElo "2576"]
[BlackElo "2443"]
[PlyCount "85"]
[EventDate "2000.11.18"]
[EventType "team-tourn"]
[EventRounds "9"]
[EventCountry "NED"]
[SourceTitle "EXT 2002"]
[Source "ChessBase"]
[SourceDate "2001.11.25"]
[SourceVersion "1"]
[SourceVersionDate "2001.11.25"]
[SourceQuality "1"]
[WhiteTeam "Hilversum HSG"]
[BlackTeam "ING/ESGOO Enschede"]
[WhiteTeamCountry "NED"]
[BlackTeamCountry "NED"]

1. d4 c5 2. d5 e5 3. e4 d6 4. Bb5+ Nd7 5. a4 a6 6. Bd3 g6 7. a5 h5 8. Nd2 Qe7 9. Ne2 h4 10. c3 Bh6 11. b4 Ngf6 12. Nc4 Kf8 13. Ba3 Kg7 14. Nc1 Nh5 15. Nb3 Nf4 16. g3 Nxd3+ 17. Qxd3 cxb4 18. Bxb4 Nc5 19. Bxc5 dxc5 20. Nb6 c4 21. Qxc4 Rb8 22. Qd3 Bh3 23. f3 Rbd8 24. c4 f5 25. c5 Qg5 26. Kf2 Rhf8 27. Nc4 Kh7 28. Rac1 fxe4 29. Qxe4 Rf4 30. gxf4 Qg2+ 31. Ke3 Bxf4+ 32. Kd3 Bf5 33. Kc3 Bxe4 34. fxe4 Bxh2 35. Ne3 Qg3 36. Nd2 Rf8 37. Kd3 Rf2 38. Rb1 Kg8 39. Ndf1 Qf4 40. Nxh2 Rxh2 41. Rxh2 Qxh2 42. c6 bxc6 43. dxc6 1-0

[Event "Bundesliga 0001"]
[Site "Germany"]
[Date "2001.01.07"]
[Round "5.1"]
[White "Van der Sterren, Paul"]
[Black "Aronian, Levon"]
[Result "1/2-1/2"]
[WhiteElo "2569"]
[BlackElo "2551"]
[PlyCount "82"]
[EventDate "2000.10.14"]
[EventType "team-tourn"]
[EventRounds "15"]
[EventCountry "GER"]
[SourceTitle "CBM 082 Extra"]
[Source "ChessBase"]
[SourceDate "2001.07.03"]
[SourceVersion "1"]
[SourceVersionDate "2001.07.03"]
[SourceQuality "1"]
[WhiteTeam "Castrop Rauxel"]
[BlackTeam "Wattenscheid"]
[WhiteTeamCountry "GER"]
[BlackTeamCountry "GER"]

1. Nf3 Nf6 2. c4 e6 3. g3 d5 4. Bg2 dxc4 5. Qa4+ Nbd7 6. Qxc4 a6 7. Qc2 Rb8 8. 0-0 b5 9. a4 Be7 10. axb5 axb5 11. Nc3 b4 12. Nd4 Ne5 13. Ncb5 c5 14. f4 cxd4 15. Nc7+ Kf8 16. fxe5 d3 17. exd3 Qd4+ 18. Kh1 Qxe5 19. d4 Qe2 20. Kg1 Qg4 21. Qc4 b3 22. Ra8 Rxa8 23. Nxa8 e5 24. d3 Qxd4+ 25. Qxd4 exd4 26. Bf4 Ng4 27. Rc1 Bf5 28. Be4 Be6 29. Nc7 g5 30. Nxe6+ fxe6 31. Bd2 h5 32. Rc7 h4 33. gxh4 gxh4 34. h3 Ne3 35. Rc8+ Kg7 36. Rxh8 Kxh8 37. Bxe3 dxe3 38. Kf1 Bf6 39. Bc6 Bxb2 40. Ba4 Kg7 41. Bxb3 Kf6 1/2-1/2

[Event "Olympiad-34"]
[Site "Istanbul"]
[Date "2000.11.09"]
[Round "12.3"]
[White "Baklan, Vladimir"]
[Black "Van der Sterren, Paul"]
[Result "1/2-1/2"]
[WhiteElo "2599"]
[BlackElo "2569"]
[PlyCount "43"]
[EventDate "2000.10.28"]
[EventType "team-swiss"]
[EventRounds "14"]
[EventCountry "TUR"]
[SourceTitle "EXT 2001"]
[Source "ChessBase"]
[SourceDate "2000.11.22"]
[SourceVersion "1"]
[SourceVersionDate "2000.11.22"]
[SourceQuality "1"]
[WhiteTeam "Ukraine"]
[BlackTeam "Netherlands"]
[WhiteTeamCountry "UKR"]
[BlackTeamCountry "NED"]

1. e4 e5 2. Nf3 Nc6 3. d4 exd4 4. Nxd4 Bc5 5. Be3 Qf6 6. c3 Nge7 7. Bc4 Ne5 8. Be2 Qg6 9. 0-0 d6 10. Kh1 Qxe4 11. Nd2 Qg6 12. Nb5 0-0 13. Nxc7 Rb8 14. Bh5 Qf5 15. Nb5 Bxe3 16. fxe3 Qd3 17. Qe2 Bf5 18. e4 Bg6 19. Qxd3 Nxd3 20. Bxg6 hxg6 21. b3 a6 22. Nxd6 1/2-1/2

[Event "NED-GER m"]
[Site "Venlo"]
[Date "2000.08.24"]
[Round "1.3"]
[White "Lutz, Christopher"]
[Black "Van der Sterren, Paul"]
[Result "1/2-1/2"]
[WhiteElo "2595"]
[BlackElo "2569"]
[PlyCount "59"]
[EventDate "2000.08.24"]
[EventType "team"]
[EventRounds "4"]
[EventCountry "NED"]
[SourceTitle "CBM 079"]
[Source "ChessBase"]
[SourceDate "2000.11.21"]
[SourceVersion "1"]
[SourceVersionDate "2000.11.21"]
[SourceQuality "1"]
[WhiteTeam "Germany"]
[BlackTeam "Netherlands"]
[WhiteTeamCountry "GER"]
[BlackTeamCountry "NED"]

1. e4 e5 2. Nf3 Nf6 3. Nxe5 d6 4. Nf3 Nxe4 5. d4 d5 6. Bd3 Nc6 7. 0-0 Be7 8. c4 Nb4 9. Be2 0-0 10. Nc3 Be6 11. Ne5 f6 12. Nf3 Kh8 13. Re1 Bg8 14. a3 Nxc3 15. bxc3 Nc6 16. cxd5 Bxd5 17. Bb2 f5 18. Nd2 Bf6 19. c4 Bf7 20. Nb3 b5 21. cxb5 Bxb3 22. Qxb3 Nxd4 23. Qc4 Nxe2+ 24. Qxe2 Bxb2 25. Qxb2 a6 26. Rad1 Qf6 27. Qxf6 Rxf6 28. Re7 axb5 29. Rxc7 h5 30. Rb7 1/2-1/2

[Event "Lost Boys op"]
[Site "Amsterdam"]
[Date "2000.08.19"]
[Round "9"]
[White "Van der Sterren, Paul"]
[Black "Meijers, Viesturs"]
[Result "1-0"]
[WhiteElo "2569"]
[BlackElo "2478"]
[PlyCount "81"]
[EventDate "2000.08.05"]
[EventType "swiss"]
[EventRounds "9"]
[EventCountry "NED"]
[SourceTitle "CBM 077 Extra"]
[Source "ChessBase"]
[SourceDate "2000.09.14"]
[SourceVersion "1"]
[SourceVersionDate "2000.09.14"]
[SourceQuality "1"]

1. d4 d5 2. c4 e6 3. Nc3 Nf6 4. cxd5 exd5 5. Bg5 Be7 6. e3 Nbd7 7. Bd3 0-0 8. Nge2 Re8 9. 0-0 b6 10. Bb5 Bb7 11. Bxf6 gxf6 12. Qa4 a6 13. Bxd7 b5 14. Bxb5 axb5 15. Qxb5 Ba6 16. Qb3 Bd6 17. Qc2 c6 18. Rfe1 Kh8 19. Ng3 Rg8 20. e4 Rg5 21. Qd2 Qg8 22. f4 Rg4 23. e5 fxe5 24. fxe5 Be7 25. Nf5 Bg5 26. Qd1 Bf4 27. Qf3 Qg6 28. Nd6 Rg8 29. Kh1 h6 30. g3 Qh5 31. Ne2 Bxe2 32. Rxe2 Bxg3 33. Rg2 Bf4 34. Rf1 R8g7 35. Nxf7+ Kg8 36. Qe2 Qh3 37. Rxg4 Rxg4 38. e6 Kg7 39. e7 Bxh2 40. Qxg4+ Qxg4 41. e8Q 1-0

[Event "NED-chT 9900 playoff"]
[Site "Breda"]
[Date "2000.06.02"]
[Round "2.2"]
[White "Van der Sterren, Paul"]
[Black "Timman, Jan H"]
[Result "1/2-1/2"]
[WhiteElo "2526"]
[BlackElo "2655"]
[PlyCount "104"]
[EventDate "2000.06.01"]
[EventType "team-k.o."]
[EventRounds "2"]
[EventCountry "NED"]
[SourceTitle "CBM 076 Extra"]
[Source "ChessBase"]
[SourceDate "2000.07.11"]
[SourceVersion "1"]
[SourceVersionDate "2000.07.11"]
[SourceQuality "1"]
[WhiteTeam "Hilversum HSG"]
[BlackTeam "Breda Panfox"]
[WhiteTeamCountry "NED"]
[BlackTeamCountry "NED"]

1. d4 d5 2. c4 c6 3. Nf3 Nf6 4. Nc3 dxc4 5. a4 Bf5 6. e3 e6 7. Bxc4 Bb4 8. 0-0 0-0 9. Qe2 Nbd7 10. e4 Bg6 11. Bd3 Bh5 12. Bf4 Re8 13. e5 Nd5 14. Nxd5 exd5 15. Bf5 Bg6 16. g4 Nf8 17. Bg3 Be7 18. Qd3 a5 19. Rfe1 Ra6 20. Re2 Rb6 21. h4 c5 22. dxc5 Bxc5 23. Rd1 Rb4 24. Qxd5 Qxd5 25. Rxd5 b6 26. h5 Bxf5 27. gxf5 Rxa4 28. Nd2 Ra1+ 29. Kg2 Rd1 30. h6 g6 31. Ne4 Rxd5 32. Nf6+ Kh8 33. Nxd5 gxf5 34. Bh4 Nd7 35. f4 Re6 36. Bg5 f6 37. Nxf6 Nxf6 38. Bxf6+ Kg8 39. Kf3 Bf8 40. Rg2+ Kf7 41. Rg5 Bxh6 42. Rxf5 Kg6 43. Kg4 b5 44. Bg5 Bxg5 45. Rxg5+ Kf7 46. Kf5 a4 47. Ke4 b4 48. f5 Ra6 49. Rh5 Kg8 50. e6 a3 51. bxa3 bxa3 52. e7 Kf7 1/2-1/2

[Event "NED-chT 9900 playoff"]
[Site "Breda"]
[Date "2000.06.01"]
[Round "1.4"]
[White "Bosch, Jeroen"]
[Black "Van der Sterren, Paul"]
[Result "1/2-1/2"]
[WhiteElo "2415"]
[BlackElo "2526"]
[PlyCount "82"]
[EventDate "2000.06.01"]
[EventType "team-k.o."]
[EventRounds "2"]
[EventCountry "NED"]
[SourceTitle "CBM 076 Extra"]
[Source "ChessBase"]
[SourceDate "2000.07.11"]
[SourceVersion "1"]
[SourceVersionDate "2000.07.11"]
[SourceQuality "1"]
[WhiteTeam "Bussum"]
[BlackTeam "Hilversum HSG"]
[WhiteTeamCountry "NED"]
[BlackTeamCountry "NED"]

1. e4 e5 2. Nf3 Nc6 3. Bc4 Bc5 4. c3 Nf6 5. d4 exd4 6. cxd4 Bb4+ 7. Bd2 Bxd2+ 8. Nbxd2 d5 9. exd5 Nxd5 10. Qb3 Na5 11. Qa4+ Nc6 12. Qb3 Nce7 13. 0-0 0-0 14. Rfe1 Nb6 15. Bd3 Nc6 16. Qc2 h6 17. Bh7+ Kh8 18. Be4 Nxd4 19. Nxd4 Qxd4 20. Nf3 Qc4 21. Qxc4 Nxc4 22. Rac1 Nd6 23. Rxc7 Nxe4 24. Rxe4 Be6 25. Re3 b6 26. a3 Rfc8 27. Rec3 Rd8 28. h3 Rd1+ 29. Kh2 Rd5 30. b4 a5 31. R3c6 axb4 32. axb4 b5 33. Rc5 Ra4 34. Rxd5 Bxd5 35. Ne5 Rxb4 36. Nxf7+ Kh7 37. Ne5 Rf4 38. Rc5 Ba8 39. Rc8 Bd5 40. Rc5 Ba8 41. Rc8 Bd5 1/2-1/2